书目信息 |
| 题名: |
照片的制作技艺与翻摄
|
|
| 作者: | 陈石林 著 | |
| 分册: | ||
| 出版信息: | 北京 中国摄影出版社 1997.8 |
|
| 页数: | 141页 | |
| 开本: | 32开 | |
| 丛书名: | ||
| 单 册: | ||
| 中图分类: | TB88 | |
| 科图分类: | ||
| 主题词: | 摄影--洗印--技术 | |
| 电子资源: | ||
| ISBN: | 7-80007-169-3 | |
| 000 | 00565nam0 2200193 45 | |
| 001 | 0012250938 | |
| 005 | 20031219104048.3 | |
| 010 | @a7-80007-169-3@dCNY13.50 | |
| 100 | @a20001225d1997 km y0chiy0120 ea | |
| 101 | 0 | @achi |
| 105 | @a z 000yy | |
| 200 | 1 | @a照片的制作技艺与翻摄@AZhao Pian De Zhi Zuo Ji Yi Yu Fan She@f陈石林著@FChen Shi Lin Zhu |
| 210 | @a北京@c中国摄影出版社@d1997.8 | |
| 215 | @a141页@c附彩图@d32开 | |
| 606 | 0 | @a摄影@x洗印@x技术 |
| 690 | @aTB88@v1 | |
| 701 | 0 | @a陈石林@4著 |
| 801 | @aCN@bTSTC@c20001225 | |
| 905 | @b294161-168@dTB88@e47@f8 | |
| 照片的制作技艺与翻摄/陈石林著.-北京:中国摄影出版社,1997.8 |
| 141页:附彩图;32开 |
| ISBN 7-80007-169-3:CNY13.50 |
| ● |
| 相关链接 |
|
|
|
|
正题名:照片的制作技艺与翻摄
索取号:TB88/47
 
预约/预借
| 序号 | 登录号 | 条形码 | 馆藏地/架位号 | 状态 | 备注 |
| 1 | 0294161 | 002941614 | 第三借阅区/ [索取号:TB88/47] | 在馆 | |
| 2 | 0294162 | 002941623 | 第三借阅区/ [索取号:TB88/47] | 在馆 | |
| 3 | 0294163 | 002941632 | 第三借阅区/ [索取号:TB88/47] | 在馆 | |
| 4 | 0294164 | 002941641 | 第三借阅区/ [索取号:TB88/47] | 在馆 | |
| 5 | 0294165 | 002941650 | 第三借阅区/ [索取号:TB88/47] | 在馆 | |
| 6 | 0294166 | 002941669 | 第三借阅区/ [索取号:TB88/47] | 在馆 | |
| 7 | 0294167 | 002941678 | 第三借阅区/ [索取号:TB88/47] | 在馆 | |
| 8 | 0294168 | 002941687 | 第二样本阅览室/ [索取号:TB88/47] | 在馆 |